01354nas a22002177i 4500999001500000001000500015003000400020005001700024007000300041008004100044024001400085040000800099110007300107245002400180260008700204500067900291856005400970910000901024942000701033952009601040 c6846d68468177OSt20180207165537.0tu161220c20019999au mr|p| |||| ||||||eng d7 a81772RID cOSt2 aWiener Institut für Internationale Wirtschaftsvergleiche (wiiw)9300awiiw Monthly Report aWien : c2001-bWiener Institut für Internationale Wirtschaftsvergleiche (wiiw), aThe wiiw Monthly Report contains brief articles on topical issues related to the economies in Central, East and Southeast Europe and CIS countries. Its objective is to keep you informed in a condensed form, covering all of the countries that may be of interest to you during the course of the year as well as research results that may be of general interest. Monthly key economic indicators provide the most up-to-date information available. The Report is published 11 times a year and available as hardcopy or may be downloaded from our website. It is distributed exclusively to Members of wiiw. After an embargo period of six months the report is freely available online. 40uhttps://wiiw.ac.at/wiiw-monthly-reports-ps-1.html2 aWIIW cSE 00102ddc4070aBIBbBIBc1d2015-11-05h2001-i8177l0p10004446r2017-01-26 00:00:00ySE